00353nam a2200133Ia 4500008004100000041000800041082001600049100002400065245005300089260003700142300001600179365000700195650001700202210719s1971 xx 000 0 und d aeng a658.87 MARR aMARKIN (Rom J), Ed. aRetailing concepts, institutions and management. aLondon.bThe Macmillan Co.c1971 axiv,398bPB cRs aSalesmanship